000 00669nam a2200253Ia 4500
005 20250425162620.0
008 250425s9999 xx 000 0 und d
020 _a9789978672617
041 _aspa
082 _a331.31
100 _aPICO, IVONNE JANETH
245 0 _aEN LOS MARGENES: EL TRABAJO INFANTIL COMO PRACTICA CULTURAL
250 _a1A ED.
260 _aEcuador
_bFLACSO, SEDE ECUADOR
_c2010
260 _aS.L.
300 _a115
650 _aASPECTOS SOCIALES
650 _aPOBREZA-ECUADOR
650 _aPROGRAMA DEL MUCHACHO TRABAJADOR
650 _aTRABAJO INFANTIL
700 _aSANCHEZ, ROBERTO MIGUEL
942 _c01
010 _a90510
999 _c232911
_d232911